Statistics for Spanish Islands

Click here to take the quiz!

General Stats

  • This quiz has been taken 63 times
  • The average score is 8 of 17

Answer Stats

GroupIsland% Correct
BalearicIbiza
98%
BalearicMajorca
96%
BalearicMenorca
93%
CanaryTenerife
93%
CanaryGran Canaria
84%
CanaryLanzarote
78%
CanaryFuerteventura
55%
CanaryLa Palma
55%
BalearicFormentera
47%
CanaryLa Gomera
38%
CanaryEl Hierro
33%
CanaryLa Graciosa
15%
CanaryAlegranza
7%
CanaryMontaña Clara
5%
CanaryIsla de Lobos
4%
CanaryRoque del Oeste
4%
CanaryRoque del Este
2%

Score Distribution

Percentile by Number Answered

Percent of People with Each Score

Your Score History

You have not taken this quiz